Statistieken voor Kameroen Trivia Quiz

Klik hier om de quiz te nemen!

Algemene statistieken

  • Deze quiz is 55 keer genomen
  • De gemiddelde score is 9 van 12

Antwoordstatistieken

HintAntwoord% Correct
Officiële talenFrans
92%
Meest bevolkte land dat aan Kameroen grenstNigeria
92%
Net als het nabijgelegen Ivoorkust en Ghana is Kameroen een top 5 producent van deze boonCocoa
92%
Officiële talenEngels
90%
HoofdstadYaoundé
87%
Land dat Kameroen koloniseerde van 1884 tot 1916 en het Kamerun noemdeDuitsland
87%
Golf waar Kameroen aan grenstGolf van {Guinee}
85%
Kameroen won de gouden medaille bij deze teamsport op de Olympische Spelen van 2000Voetbal
72%
Groot, maar ondiep meer, dat het uiterste noorden van Kameroen deelt met
drie andere landen
{Tsjaad}meer
64%
Hoogste berg in KameroenMount Cameroon
49%
Meest bevolkte stadDouala
46%
Grootste kikkersoort, voornamelijk gevonden in Kameroen{Goliath}kikker
31%

Scoreverdeling

Percentiel versus Aantal Correcte Antwoorden

Procent van Mensen met Elke Score

Uw Scoregeschiedenis

U heeft deze quiz nog niet genomen